000 00560nam a2200193 4500
001 137431
003 ES-MaACL
005 20230906195354.0
007 t|
008 070214n19001990sp r ||||1| spa d
100 1 _aSánchez Aliseda, Casimiro.
_9102445
245 1 3 _aLa pastoral de Jesús /
_cCasimiro Sánchez Aliseda.
260 _aMadrid :
_bEuramérica,
_c[19__?]
300 _a218 p. ;
_c18 cm.
490 1 _aCol. por un mundo mejor
830 0 _aCol. por un mundo mejor
_9187076
852 _aES-MaACL
_jC-14291
_bR.42177
999 _c137431
_d137431